[Event "BRA-ch 78th"]
[Site "Campinas"]
[Date "2011.12.10"]
[Round "1"]
[White "Dos Santos, Haroldo Cunha Jr"]
[Black "Mekhitarian, Krikor Sevag"]
[Result "0-1"]
[WhiteElo "2250"]
[BlackElo "2487"]
[PlyCount "106"]
[EventDate "2011.12.10"]
[EventType "tourn"]
[EventRounds "11"]
[EventCountry "BRA"]
[EventCategory "10"]
[SourceTitle "CBM 145 Extra"]
[Source "ChessBase"]
[SourceDate "2012.01.03"]
[SourceVersion "1"]
[SourceVersionDate "2012.01.03"]
[SourceQuality "1"]

1. d4 Nf6 2. Nf3 g6 3. g3 Bg7 4. Bg2 d5 5. O-O O-O 6. c4 dxc4 7. Na3 c3 8. bxc3
c5 9. Qb3 Nc6 10. Rd1 Na5 11. Qb5 Bd7 12. Qxc5 Rc8 13. Qb4 Nd5 14. Qb2 Nxc3 15.
Rd3 Na4 16. Qb4 b5 17. Ne5 Bf5 18. e4 Bxe5 19. exf5 a6 20. fxg6 hxg6 21. Bg5
Bf6 22. Bxf6 exf6 23. Re1 Nc6 24. Qd2 Qd6 25. Bxc6 Rxc6 26. d5 Rc5 27. Re4 Rd8
28. Qh6 Qf8 29. Qe3 Kg7 30. d6 Rxd6 31. Rh4 g5 32. Rhd4 Re5 33. Qf3 Rxd4 34.
Rxd4 Qc5 35. Rd2 Qc1+ 36. Rd1 Qc3 37. Rd3 Qa1+ 38. Kg2 Qxa2 39. h4 Qe2 40. hxg5
Qxf3+ 41. Kxf3 fxg5 42. Rd6 Re6 43. Rd5 Kg6 44. g4 Rc6 45. Nb1 Nc3 46. Nxc3
Rxc3+ 47. Ke2 Ra3 48. Rd6+ f6 49. Rb6 Ra4 50. f3 b4 51. Kd3 a5 52. Rb5 Ra3+ 53.
Ke4 b3 0-1

[Event "BRA-ch 78th"]
[Site "Campinas"]
[Date "2011.12.11"]
[Round "2"]
[White "Mekhitarian, Krikor Sevag"]
[Black "Jatoba de Oliveira Reis, Paulo Fernando"]
[Result "1-0"]
[WhiteElo "2487"]
[BlackElo "2438"]
[PlyCount "128"]
[EventDate "2011.12.10"]
[EventType "tourn"]
[EventRounds "11"]
[EventCountry "BRA"]
[EventCategory "10"]
[SourceTitle "CBM 145 Extra"]
[Source "ChessBase"]
[SourceDate "2012.01.03"]
[SourceVersion "1"]
[SourceVersionDate "2012.01.03"]
[SourceQuality "1"]

1. d4 e6 2. c4 Nf6 3. Nf3 b6 4. g3 Bb4+ 5. Bd2 Be7 6. Nc3 Bb7 7. Bg2 c6 8. O-O
d5 9. b3 O-O 10. Qc2 Na6 11. Rfd1 Qc8 12. a3 c5 13. cxd5 exd5 14. Bg5 Re8 15.
Rac1 cxd4 16. Bxf6 Bxf6 17. Nxd4 Qc5 18. b4 Qd6 19. Nf5 Qe5 20. Nxd5 Rac8 21.
Qd3 Bxd5 22. Qxd5 Rxc1 23. Rxc1 Qb2 24. Rd1 Qxe2 25. Bf1 Nc7 26. Bxe2 Nxd5 27.
Bc4 Ne7 28. Nd6 Rd8 29. Bxf7+ Kf8 30. Bb3 Nc8 31. Nc4 Rxd1+ 32. Bxd1 Ke7 33.
Kf1 Nd6 34. Ne3 Bb2 35. a4 Ke6 36. Ke2 Ba3 37. b5 Bc5 38. Bb3+ Ke5 39. Kd3 h6
40. f4+ Kf6 41. Nd5+ Kf5 42. Ne3+ Kf6 43. Bd1 g5 44. Ng4+ Kg7 45. Ne5 gxf4 46.
gxf4 Bg1 47. Nf3 Bc5 48. Ne5 Bg1 49. h3 Kf6 50. Bg4 h5 51. Bxh5 Kf5 52. Nc6
Kxf4 53. Nxa7 Nb7 54. Kc4 Nc5 55. Bd1 Ke5 56. h4 Be3 57. h5 Kd6 58. Nc8+ Kc7
59. Ne7 Bg5 60. Nd5+ Kb7 61. Nxb6 Kxb6 62. a5+ Kxa5 63. Kxc5 Bf4 64. Kc6 Kb4
1-0

[Event "BRA-ch 78th"]
[Site "Campinas"]
[Date "2011.12.12"]
[Round "3"]
[White "Matsuura, Everaldo"]
[Black "Mekhitarian, Krikor Sevag"]
[Result "1/2-1/2"]
[WhiteElo "2487"]
[BlackElo "2487"]
[PlyCount "37"]
[EventDate "2011.12.10"]
[EventType "tourn"]
[EventRounds "11"]
[EventCountry "BRA"]
[EventCategory "10"]
[SourceTitle "CBM 145 Extra"]
[Source "ChessBase"]
[SourceDate "2012.01.03"]
[SourceVersion "1"]
[SourceVersionDate "2012.01.03"]
[SourceQuality "1"]

1. d4 Nf6 2. c4 e6 3. g3 d5 4. Bg2 Bb4+ 5. Bd2 Be7 6. Nf3 O-O 7. O-O c6 8. Qc2
b6 9. Bf4 Bb7 10. Ne5 Nbd7 11. cxd5 cxd5 12. Nc6 Bxc6 13. Qxc6 Qc8 14. Qa4 Qb7
15. Nd2 Rac8 16. Rfc1 Nh5 17. Be3 Nhf6 18. Bf4 Nh5 19. Be3 1/2-1/2

[Event "BRA-ch 78th"]
[Site "Campinas"]
[Date "2011.12.13"]
[Round "4"]
[White "Mekhitarian, Krikor Sevag"]
[Black "Mecking, Henrique"]
[Result "1/2-1/2"]
[WhiteElo "2487"]
[BlackElo "2590"]
[PlyCount "91"]
[EventDate "2011.12.10"]
[EventType "tourn"]
[EventRounds "11"]
[EventCountry "BRA"]
[EventCategory "10"]
[SourceTitle "CBM 145 Extra"]
[Source "ChessBase"]
[SourceDate "2012.01.03"]
[SourceVersion "1"]
[SourceVersionDate "2012.01.03"]
[SourceQuality "1"]

1. d4 Nf6 2. c4 g6 3. Nf3 Bg7 4. g3 d5 5. cxd5 Nxd5 6. Bg2 Nb6 7. Nc3 Nc6 8. e3
O-O 9. O-O Re8 10. Re1 a5 11. Qe2 Be6 12. Nd2 Nb4 13. Rd1 c6 14. a3 Na6 15. Rb1
a4 16. b3 axb3 17. Nxb3 Nd5 18. Bd2 b6 19. Rdc1 Nac7 20. a4 Bd7 21. Nxd5 Nxd5
22. e4 Nc7 23. a5 Nb5 24. axb6 Qxb6 25. Be3 Na3 26. Rb2 Reb8 27. e5 Qb7 28. e6
fxe6 29. Bf4 e5 30. dxe5 Qb5 31. Qxb5 Rxb5 32. Rd2 Be8 33. Nd4 Rb1 34. Rdd1 Rd8
35. Rxb1 Nxb1 36. Rxb1 Rxd4 37. Rc1 Kf7 38. Bxc6 Bxc6 39. Rxc6 h6 40. e6+ Kf6
41. Bc1 Kf5 42. Kg2 Rd3 43. h3 h5 44. h4 Be5 45. Bg5 Bd6 46. Rc2 1/2-1/2

[Event "BRA-ch 78th"]
[Site "Campinas"]
[Date "2011.12.14"]
[Round "5"]
[White "Barbosa, Evandro Amorim"]
[Black "Mekhitarian, Krikor Sevag"]
[Result "1-0"]
[WhiteElo "2412"]
[BlackElo "2487"]
[PlyCount "61"]
[EventDate "2011.12.10"]
[EventType "tourn"]
[EventRounds "11"]
[EventCountry "BRA"]
[EventCategory "10"]
[SourceTitle "CBM 145 Extra"]
[Source "ChessBase"]
[SourceDate "2012.01.03"]
[SourceVersion "1"]
[SourceVersionDate "2012.01.03"]
[SourceQuality "1"]

1. e4 e5 2. Nf3 Nc6 3. d4 exd4 4. Nxd4 Nf6 5. Nxc6 bxc6 6. e5 Qe7 7. Qe2 Nd5 8.
Nd2 g6 9. c4 Ba6 10. Nf3 Qb4+ 11. Kd1 Rb8 12. Qc2 Ne7 13. b3 Bg7 14. Bd2 Qa3
15. Bc3 O-O 16. Bd3 d5 17. exd6 cxd6 18. Bxg7 Kxg7 19. Qc3+ Kg8 20. Re1 d5 21.
Ne5 Bc8 22. c5 a5 23. Nf3 Nf5 24. Bxf5 Bxf5 25. Nd4 Rfe8 26. Nxc6 d4 27. Qxd4
Be6 28. Nxb8 a4 29. Nd7 axb3 30. Nf6+ Kf8 31. Nxe8 1-0

[Event "BRA-ch 78th"]
[Site "Campinas"]
[Date "2011.12.15"]
[Round "6"]
[White "Mekhitarian, Krikor Sevag"]
[Black "Di Berardino, Diego Rafael"]
[Result "0-1"]
[WhiteElo "2487"]
[BlackElo "2491"]
[PlyCount "88"]
[EventDate "2011.12.10"]
[EventType "tourn"]
[EventRounds "11"]
[EventCountry "BRA"]
[EventCategory "10"]
[SourceTitle "CBM 145 Extra"]
[Source "ChessBase"]
[SourceDate "2012.01.03"]
[SourceVersion "1"]
[SourceVersionDate "2012.01.03"]
[SourceQuality "1"]

1. d4 Nf6 2. c4 c5 3. d5 e6 4. Nc3 exd5 5. cxd5 d6 6. Nf3 g6 7. Bf4 a6 8. a4
Bg7 9. h3 O-O 10. e3 Ne8 11. Be2 Nd7 12. O-O Qe7 13. Re1 h6 14. Qc2 Rb8 15.
Rad1 g5 16. Bh2 f5 17. Nd2 Nc7 18. Nc4 Ne5 19. Nb6 Nd7 20. Nxc8 Rbxc8 21. Bd3
Qf6 22. g4 fxg4 23. hxg4 Ne5 24. Bxe5 Qxe5 25. Bf5 Rb8 26. Kg2 b5 27. f4 gxf4
28. exf4 Qxf4 29. Re7 bxa4 30. Rf1 Qd4 31. Rxc7 a3 32. Be6+ Kh8 33. Rh1 Qf4 34.
Rxg7 Kxg7 35. bxa3 Qf3+ 36. Kh2 Rb3 37. Rc1 Rfb8 38. Qd2 Rxa3 39. g5 Rb4 40.
gxh6+ Kh8 41. Bh3 Rh4 42. Qg2 Qf4+ 43. Qg3 Qxg3+ 44. Kxg3 Rc4 0-1

[Event "BRA-ch 78th"]
[Site "Campinas"]
[Date "2011.12.17"]
[Round "8"]
[White "Mekhitarian, Krikor Sevag"]
[Black "El Debs, Felipe de Cresce"]
[Result "1-0"]
[WhiteElo "2487"]
[BlackElo "2477"]
[PlyCount "49"]
[EventDate "2011.12.10"]
[EventType "tourn"]
[EventRounds "11"]
[EventCountry "BRA"]
[EventCategory "10"]
[SourceTitle "CBM 145 Extra"]
[Source "ChessBase"]
[SourceDate "2012.01.03"]
[SourceVersion "1"]
[SourceVersionDate "2012.01.03"]
[SourceQuality "1"]

1. d4 d5 2. c4 c6 3. Nf3 Nf6 4. e3 g6 5. Nc3 Bg7 6. Be2 O-O 7. O-O Qb6 8. b3
Bf5 9. Ba3 Re8 10. b4 Nbd7 11. Qb3 e5 12. cxd5 Nxd5 13. dxe5 Nxc3 14. Qxc3 Nxe5
15. Nd4 Ng4 16. Rad1 Rad8 17. Bb2 Qc7 18. g3 h5 19. Qc5 Bc8 20. Nb5 Qb8 21.
Bxg7 Kxg7 22. Nd6 Re5 23. Qd4 Kg8 24. Bxg4 Rd5 25. Qf4 1-0

[Event "BRA-ch 78th"]
[Site "Campinas"]
[Date "2011.12.18"]
[Round "9"]
[White "Fier, Alexandr"]
[Black "Mekhitarian, Krikor Sevag"]
[Result "1-0"]
[WhiteElo "2573"]
[BlackElo "2487"]
[PlyCount "101"]
[EventDate "2011.12.10"]
[EventType "tourn"]
[EventRounds "11"]
[EventCountry "BRA"]
[EventCategory "10"]
[SourceTitle "CBM 145 Extra"]
[Source "ChessBase"]
[SourceDate "2012.01.03"]
[SourceVersion "1"]
[SourceVersionDate "2012.01.03"]
[SourceQuality "1"]

1. c4 e6 2. Nc3 d5 3. e3 Nf6 4. Nf3 c5 5. cxd5 exd5 6. d4 a6 7. Be2 Nc6 8. O-O
Bd6 9. dxc5 Bxc5 10. b3 O-O 11. Bb2 Ba7 12. Qc2 Qe7 13. Rad1 Rd8 14. Na4 Bg4
15. h3 Bh5 16. Nd4 Nb4 17. Qd2 Ne4 18. Qe1 Bxd4 19. Ba3 Bxe2 20. Bxb4 Qg5 21.
Qxe2 Ba7 22. Nc3 Nxf2 23. Rxf2 Bxe3 24. Kh1 Bxf2 25. Qxf2 d4 26. Rxd4 Rxd4 27.
Qxd4 Rd8 28. Qe4 h6 29. Kh2 Rd2 30. a4 Qd8 31. Qxb7 Rd7 32. Qxa6 Qb8+ 33. Kh1
Qxb4 34. Qc8+ Kh7 35. Qxd7 Qxc3 36. Qxf7 Qe1+ 37. Kh2 Qe5+ 38. Kg1 Qe1+ 39. Qf1
Qe3+ 40. Kh1 Qxb3 41. a5 Qa3 42. a6 Qa2 43. Kh2 h5 44. Qd3+ Kh8 45. Qd6 Kh7 46.
Qd3+ Kh8 47. Qb5 Kh7 48. Qxh5+ Kg8 49. Qe8+ Kh7 50. Qe4+ Kh8 51. Qb7 1-0

[Event "BRA-ch 78th"]
[Site "Campinas"]
[Date "2011.12.20"]
[Round "11"]
[White "Santiago, Yago de Moura"]
[Black "Mekhitarian, Krikor Sevag"]
[Result "0-1"]
[WhiteElo "2335"]
[BlackElo "2487"]
[PlyCount "80"]
[EventDate "2011.12.10"]
[EventType "tourn"]
[EventRounds "11"]
[EventCountry "BRA"]
[EventCategory "10"]
[SourceTitle "CBM 145 Extra"]
[Source "ChessBase"]
[SourceDate "2012.01.03"]
[SourceVersion "1"]
[SourceVersionDate "2012.01.03"]
[SourceQuality "1"]

1. Nf3 Nf6 2. d4 e6 3. c4 d5 4. Nc3 Bb4 5. g3 dxc4 6. Bg2 O-O 7. O-O Nc6 8. a3
Be7 9. e4 Rb8 10. Be3 Na5 11. Qe2 b5 12. Rad1 c6 13. Ne5 Bb7 14. f4 Qc7 15. g4
Nb3 16. g5 Nd7 17. Nxd7 Qxd7 18. f5 exf5 19. Rxf5 Rbd8 20. Qf2 Bc8 21. d5 Qc7
22. Bf4 Bd6 23. Bxd6 Qxd6 24. e5 Qc5 25. Rf4 cxd5 26. Rxd5 Qxf2+ 27. Rxf2 a6
28. Rd6 Rxd6 29. exd6 Be6 30. Nd5 Rd8 31. Ne7+ Kf8 32. g6 hxg6 33. Nxg6+ Kg8
34. Ne7+ Kh7 35. Be4+ g6 36. Bd5 Bxd5 37. Nxd5 Rxd6 38. Nf6+ Kh6 39. Ne4 Rd1+
40. Kg2 f5 0-1

[Event "Maastricht Limburg op-A 6th"]
[Site "Maastricht"]
[Date "2012.05.25"]
[Round "1.7"]
[White "Mekhitarian, Krikor Sevag"]
[Black "Meurs, Tom WA"]
[Result "1-0"]
[WhiteElo "2531"]
[BlackElo "2246"]
[PlyCount "45"]
[EventDate "2012.05.25"]
[EventType "swiss"]
[EventRounds "7"]
[EventCountry "NED"]
[SourceTitle "CBM 148 Extra"]
[Source "ChessBase"]
[SourceDate "2012.06.22"]
[SourceVersion "1"]
[SourceVersionDate "2012.06.22"]
[SourceQuality "1"]

1. d4 d5 2. c4 c6 3. Nf3 Nf6 4. e3 e6 5. Bd3 Nbd7 6. O-O Bd6 7. Nbd2 c5 8. e4
cxd4 9. cxd5 e5 10. Nc4 Bb8 11. b4 O-O 12. Ne1 Ne8 13. Bd2 Nd6 14. Rc1 f5 15.
Nxd6 Bxd6 16. exf5 e4 17. Bxe4 Qh4 18. f4 Qe7 19. Bf3 Nf6 20. Nc2 Qf7 21. Nxd4
Nxd5 22. Qb3 Ne7 23. Qxf7+ 1-0

[Event "Maastricht Limburg op-A 6th"]
[Site "Maastricht"]
[Date "2012.05.26"]
[Round "2.6"]
[White "Coenen, Michael"]
[Black "Mekhitarian, Krikor Sevag"]
[Result "1-0"]
[WhiteElo "2306"]
[BlackElo "2531"]
[PlyCount "135"]
[EventDate "2012.05.25"]
[EventType "swiss"]
[EventRounds "7"]
[EventCountry "NED"]
[SourceTitle "CBM 148 Extra"]
[Source "ChessBase"]
[SourceDate "2012.06.22"]
[SourceVersion "1"]
[SourceVersionDate "2012.06.22"]
[SourceQuality "1"]

1. e4 e5 2. Nf3 Nc6 3. Bb5 a6 4. Bxc6 dxc6 5. O-O Bg4 6. d3 Bd6 7. h3 Bh5 8.
Be3 Ne7 9. Nbd2 c5 10. Re1 Nc6 11. c3 f6 12. Nb3 Qe7 13. Nbd2 O-O 14. Nf1 Bf7
15. Qc2 Rfe8 16. a3 c4 17. dxc4 Bxc4 18. b4 Bf7 19. N3d2 Qe6 20. f3 Ne7 21. c4
Nc6 22. Qc3 Rad8 23. Bf2 Nd4 24. Ne3 Qd7 25. Nd5 c6 26. Nb6 Qe6 27. Nb3 Nxb3
28. Qxb3 Bc7 29. Rad1 Rd4 30. Na4 b5 31. Nc5 Qd6 32. Nxa6 bxc4 33. Qc2 Bb6 34.
f4 Rd8 35. fxe5 fxe5 36. Bxd4 exd4 37. e5 d3+ 38. Kh1 Qd4 39. Qa4 d2 40. Re2 c3
41. e6 Bh5 42. e7 Bxe2 43. Qxc6 h6 44. Qe6+ Kh7 45. exd8=Q Bxd8 46. Qxe2 c2 47.
Nc5 c1=Q 48. Nb3 Qdc4 49. Qf3 Q1c2 50. Rxd2 Q2e4 51. Qxe4+ Qxe4 52. Rxd8 Qb1+
53. Kh2 Qxb3 54. Ra8 h5 55. Ra5 Kh6 56. b5 Qc3 57. Ra6+ Kg5 58. a4 Qc7+ 59. Kg1
Kh4 60. Rc6 Qe5 61. Kf2 Qf4+ 62. Kg1 Qxa4 63. Rg6 Qd4+ 64. Kh2 Qf2 65. b6 Qb2
66. b7 Qe2 67. b8=Q Qe5+ 68. g3+ 1-0

[Event "Maastricht Limburg op-A 6th"]
[Site "Maastricht"]
[Date "2012.05.26"]
[Round "3.8"]
[White "Mekhitarian, Krikor Sevag"]
[Black "Leenhouts, Koen"]
[Result "1-0"]
[WhiteElo "2531"]
[BlackElo "2384"]
[PlyCount "233"]
[EventDate "2012.05.25"]
[EventType "swiss"]
[EventRounds "7"]
[EventCountry "NED"]
[SourceTitle "CBM 148 Extra"]
[Source "ChessBase"]
[SourceDate "2012.06.22"]
[SourceVersion "1"]
[SourceVersionDate "2012.06.22"]
[SourceQuality "1"]

1. d4 Nf6 2. c4 e6 3. Nf3 Bb4+ 4. Nbd2 d5 5. Qa4+ Nc6 6. a3 Be7 7. e3 O-O 8.
Bd3 Nb8 9. O-O Nbd7 10. b4 c6 11. Qb3 b6 12. Bb2 Bb7 13. Rad1 Qb8 14. Rfe1 a5
15. e4 dxe4 16. Nxe4 axb4 17. axb4 Rd8 18. Neg5 h6 19. Nxe6 fxe6 20. Rxe6 Bf8
21. Bb1 Re8 22. d5 cxd5 23. cxd5 Bd6 24. Qd3 Rf8 25. h3 Ra4 26. Bc3 Ra3 27. Qd2
Qc7 28. Bb2 Rb3 29. Rc1 Bf4 30. Rxc7 Bxd2 31. Rc2 Bxb4 32. Ba2 Rd3 33. d6 Rd1+
34. Re1+ Rd5 35. Rc7 Kh7 36. Rxb7 Bxe1 37. Bxd5 Nxd5 38. Rxd7 Bc3 39. Bxc3 Nxc3
40. Rb7 Rd8 41. Rxb6 Ne4 42. d7 Rxd7 43. Rb1 Nd2 44. Ne5 Rd5 45. Re1 h5 46. h4
Rb5 47. Kh2 Rb4 48. g3 Ne4 49. Kg2 Nf6 50. Nd3 Rb3 51. Nf4 Rb2 52. Re7 Kh6 53.
Rf7 Rb6 54. Re7 Rb2 55. Ne6 Ng4 56. Rf7 Kg6 57. Rf8 Kh7 58. Ng5+ Kg6 59. Nh3
Nf6 60. Rh8 Kf7 61. Rc8 Rb7 62. Ra8 Re7 63. Ra5 Kg6 64. Ra6 Rb7 65. Nf4+ Kh7
66. Ra5 Kh6 67. Ne6 Rb6 68. Nd4 Rb2 69. Rf5 Ng4 70. Rf8 Kg6 71. Kg1 Rb1+ 72.
Kg2 Rb2 73. Rf4 Ra2 74. Ne6 Nf6 75. Ng5 Ng4 76. Nh3 Nf6 77. Rb4 Ra5 78. Rb7 Kh6
79. Rb8 Kg6 80. Rh8 Kf7 81. Nf4 Rb5 82. Kf1 Ra5 83. Ke2 Rb5 84. Kd3 Ra5 85. Ke2
Rb5 86. Kf3 Ra5 87. Kg2 Rb5 88. Rc8 Rb7 89. Rc5 g6 90. Rg5 Rb4 91. Nxg6 Ne4 92.
Ne5+ Ke6 93. Rxh5 Nf6 94. Nd3 Rd4 95. Nc5+ Kf7 96. Rf5 Kg6 97. Re5 Rc4 98. Ne6
Rc2 99. Nf4+ Kg7 100. Re2 Rc1 101. f3 Ra1 102. g4 Ra7 103. g5 Nh7 104. Kg3 Kg8
105. Kg4 Nf8 106. h5 Ra5 107. g6 Nd7 108. Re8+ Kg7 109. Re7+ Kf6 110. Rf7+ Ke5
111. Rxd7 Ra4 112. Rd5+ Kf6 113. Rf5+ Kg7 114. Rf7+ Kg8 115. h6 Ra8 116. Nh5
Ra4+ 117. f4 1-0

[Event "Maastricht Limburg op-A 6th"]
[Site "Maastricht"]
[Date "2012.05.27"]
[Round "4.8"]
[White "Mekhitarian, Krikor Sevag"]
[Black "Van Osch, Mees"]
[Result "1-0"]
[WhiteElo "2531"]
[BlackElo "2029"]
[PlyCount "69"]
[EventDate "2012.05.25"]
[EventType "swiss"]
[EventRounds "7"]
[EventCountry "NED"]
[SourceTitle "CBM 148 Extra"]
[Source "ChessBase"]
[SourceDate "2012.06.22"]
[SourceVersion "1"]
[SourceVersionDate "2012.06.22"]
[SourceQuality "1"]

1. d4 d6 2. e4 Nf6 3. Nc3 g6 4. Be3 c6 5. h3 Nbd7 6. Nf3 Qc7 7. Qd2 Bg7 8. Bd3
O-O 9. O-O b5 10. Rfe1 e5 11. dxe5 dxe5 12. Ne2 Bb7 13. Ng3 Rfe8 14. a4 a6 15.
c4 bxc4 16. Bxc4 a5 17. Bh6 Nf8 18. Bxg7 Kxg7 19. Qg5 Ng8 20. Nh5+ Kh8 21. Nf6
h6 22. Nxe8 Rxe8 23. Qd2 Kg7 24. b4 axb4 25. Qxb4 c5 26. Qb2 Nf6 27. Bd5 Nxd5
28. exd5 f6 29. Red1 Nd7 30. Rab1 Ba6 31. Qc3 Qd6 32. Nd2 Qxd5 33. Nc4 Qxc4 34.
Rxd7+ Kf8 35. Qd2 1-0

[Event "Maastricht Limburg op-A 6th"]
[Site "Maastricht"]
[Date "2012.05.28"]
[Round "7.4"]
[White "Mekhitarian, Krikor Sevag"]
[Black "Ernst, Sipke"]
[Result "0-1"]
[WhiteElo "2531"]
[BlackElo "2554"]
[PlyCount "128"]
[EventDate "2012.05.25"]
[EventType "swiss"]
[EventRounds "7"]
[EventCountry "NED"]
[SourceTitle "CBM 148 Extra"]
[Source "ChessBase"]
[SourceDate "2012.06.22"]
[SourceVersion "1"]
[SourceVersionDate "2012.06.22"]
[SourceQuality "1"]

1. d4 Nf6 2. c4 e6 3. Nf3 Bb4+ 4. Nbd2 d5 5. Qa4+ Nc6 6. a3 Bxd2+ 7. Bxd2 O-O
8. e3 Ne4 9. Qc2 a5 10. Bd3 f5 11. O-O a4 12. Be1 Bd7 13. Nd2 Na5 14. Nxe4 fxe4
15. Be2 Nb3 16. Rd1 Be8 17. f3 Bg6 18. Qc3 Bh5 19. Bg3 Rf7 20. Rf2 exf3 21.
Bxf3 Bxf3 22. gxf3 Na5 23. cxd5 exd5 24. Be5 Nc4 25. Kh1 Qg5 26. Re1 Re8 27. f4
Qf5 28. e4 Qd7 29. exd5 Qxd5+ 30. Qf3 Qxf3+ 31. Rxf3 c6 32. Re2 Rd7 33. b3 axb3
34. Rxb3 b5 35. Rg3 Rf8 36. Reg2 Nxe5 37. fxe5 Rf1+ 38. Rg1 Rxg1+ 39. Kxg1 Rxd4
40. Rc3 Rg4+ 41. Kf2 Rg6 42. Kf3 Kf7 43. Kf4 Rh6 44. Rc2 Ke8 45. Rg2 Kf7 46.
Rc2 Ke7 47. Kf5 Re6 48. Rc3 Rg6 49. Rc1 Rh6 50. Rc2 g6+ 51. Kg4 Kd7 52. h4 Rh5
53. Rd2+ Ke6 54. Rd6+ Kxe5 55. Rxc6 Rf5 56. Kg3 Kd5 57. Rc7 h5 58. a4 b4 59. a5
Rf6 60. Ra7 b3 61. a6 Rb6 62. Rb7 Kc6 63. Rg7 Rxa6 64. Rxg6+ Kb5 0-1

[Event "Teplice op 7th"]
[Site "Teplice"]
[Date "2012.06.16"]
[Round "1"]
[White "Mekhitarian, Krikor Sevag"]
[Black "Bazantova, Marie"]
[Result "1-0"]
[WhiteElo "2531"]
[BlackElo "1977"]
[PlyCount "38"]
[EventDate "2012.06.16"]
[EventType "swiss"]
[EventRounds "9"]
[EventCountry "CZE"]
[SourceTitle "CBM 149 Extra"]
[Source "ChessBase"]
[SourceDate "2012.08.24"]
[SourceVersion "1"]
[SourceVersionDate "2012.08.24"]
[SourceQuality "1"]

1. e4 c5 2. Nf3 Nf6 3. e5 Nd5 4. Nc3 Nxc3 5. dxc3 Nc6 6. Bf4 d5 7. exd6 exd6 8.
Qd2 Be6 9. Ng5 Be7 10. Be2 Qd7 11. Nxe6 Qxe6 12. O-O O-O 13. Bf3 Qd7 14. b4
Rfd8 15. Rad1 Qf5 16. Rfe1 cxb4 17. Bxc6 bxc3 18. Qd5 Qxf4 19. Bxb7 Bf8 1-0

[Event "Teplice op 7th"]
[Site "Teplice"]
[Date "2012.06.17"]
[Round "2"]
[White "Olsarova, Tereza"]
[Black "Mekhitarian, Krikor Sevag"]
[Result "0-1"]
[WhiteElo "2209"]
[BlackElo "2531"]
[PlyCount "80"]
[EventDate "2012.06.16"]
[EventType "swiss"]
[EventRounds "9"]
[EventCountry "CZE"]
[SourceTitle "CBM 149 Extra"]
[Source "ChessBase"]
[SourceDate "2012.08.24"]
[SourceVersion "1"]
[SourceVersionDate "2012.08.24"]
[SourceQuality "1"]

1. e4 c5 2. Nf3 d6 3. d4 cxd4 4. Nxd4 Nf6 5. Nc3 Nc6 6. Bc4 e6 7. Be3 a6 8. Qe2
Qc7 9. O-O-O Na5 10. Bd3 b5 11. g4 b4 12. Nb1 Bb7 13. Nd2 Be7 14. g5 Nd7 15.
Rhg1 Nc5 16. Kb1 g6 17. h4 Rc8 18. Rc1 d5 19. f3 dxe4 20. fxe4 O-O 21. h5 Rfd8
22. Qg4 Bf8 23. h6 Nc6 24. N2f3 e5 25. Nxc6 Bxc6 26. Rgd1 a5 27. Qg3 Re8 28.
Nd2 a4 29. Rf1 Nxd3 30. cxd3 Qd7 31. Bb6 Bb5 32. Nc4 b3 33. axb3 axb3 34. Rc3
Qe6 35. Rf6 Qd7 36. Nxe5 Rxe5 37. Qxe5 Qxd3+ 38. Kc1 Rxc3+ 39. Qxc3 Qxc3+ 40.
bxc3 Ba3+ 0-1

[Event "Teplice op 7th"]
[Site "Teplice"]
[Date "2012.06.18"]
[Round "3"]
[White "Mekhitarian, Krikor Sevag"]
[Black "Furman, Boris"]
[Result "1-0"]
[WhiteElo "2531"]
[BlackElo "2285"]
[PlyCount "49"]
[EventDate "2012.06.16"]
[EventType "swiss"]
[EventRounds "9"]
[EventCountry "CZE"]
[SourceTitle "CBM 149 Extra"]
[Source "ChessBase"]
[SourceDate "2012.08.24"]
[SourceVersion "1"]
[SourceVersionDate "2012.08.24"]
[SourceQuality "1"]

1. e4 c5 2. Nf3 Nc6 3. d4 cxd4 4. Nxd4 Nf6 5. Nc3 d6 6. Bg5 e6 7. Qd2 Be7 8.
O-O-O O-O 9. f4 h6 10. Bh4 e5 11. Nf5 Bxf5 12. exf5 Qa5 13. Kb1 Rad8 14. g3 Nd4
15. Bg2 Nxf5 16. Bxf6 Bxf6 17. g4 Nh4 18. g5 Nxg2 19. Qxg2 hxg5 20. fxg5 Be7
21. Nd5 Rfe8 22. Rhf1 Qa4 23. g6 f5 24. Qh3 Bh4 25. Rf4 1-0

[Event "Teplice op 7th"]
[Site "Teplice"]
[Date "2012.06.19"]
[Round "4"]
[White "Kriebel, Tadeas"]
[Black "Mekhitarian, Krikor Sevag"]
[Result "0-1"]
[WhiteElo "2390"]
[BlackElo "2531"]
[PlyCount "68"]
[EventDate "2012.06.16"]
[EventType "swiss"]
[EventRounds "9"]
[EventCountry "CZE"]
[SourceTitle "CBM 149 Extra"]
[Source "ChessBase"]
[SourceDate "2012.08.24"]
[SourceVersion "1"]
[SourceVersionDate "2012.08.24"]
[SourceQuality "1"]

1. e4 c5 2. Nf3 d6 3. d4 cxd4 4. Nxd4 Nf6 5. Nc3 a6 6. Be2 e6 7. a4 Nc6 8. O-O
Be7 9. Kh1 O-O 10. f4 Bd7 11. Be3 Rc8 12. Nf3 Nb4 13. a5 d5 14. Bb6 Qe8 15.
exd5 Nfxd5 16. Nxd5 Nxd5 17. Ne5 Ba4 18. Bd3 Bf6 19. Qe2 Nxb6 20. axb6 Bc6 21.
Rae1 g6 22. Qg4 Qd8 23. f5 exf5 24. Bxf5 h5 25. Qh3 gxf5 26. Rxf5 Bg7 27. Rxh5
Qd2 28. Rf1 Qe2 29. Rg1 Be4 30. Nxf7 Bxg2+ 31. Rxg2 Qf1+ 32. Rg1 Qxh3 33. Rxh3
Rxf7 34. c3 Rc6 0-1

[Event "Teplice op 7th"]
[Site "Teplice"]
[Date "2012.06.20"]
[Round "5"]
[White "Mekhitarian, Krikor Sevag"]
[Black "Boros, Denes"]
[Result "1-0"]
[WhiteElo "2531"]
[BlackElo "2475"]
[PlyCount "99"]
[EventDate "2012.06.16"]
[EventType "swiss"]
[EventRounds "9"]
[EventCountry "CZE"]
[SourceTitle "CBM 149 Extra"]
[Source "ChessBase"]
[SourceDate "2012.08.24"]
[SourceVersion "1"]
[SourceVersionDate "2012.08.24"]
[SourceQuality "1"]

1. e4 e6 2. d4 d5 3. Nc3 Bb4 4. e5 c5 5. a3 Bxc3+ 6. bxc3 Nc6 7. Qg4 g6 8. Nf3
Qc7 9. Bd3 Qa5 10. Bd2 c4 11. Be2 Bd7 12. Qf4 h6 13. h4 Qc7 14. a4 f5 15. exf6
Qxf4 16. Bxf4 Nxf6 17. Ne5 Nxe5 18. Bxe5 Rf8 19. f3 Rf7 20. Kd2 a5 21. g4 O-O-O
22. Ke3 Bc6 23. f4 Rg8 24. Rhg1 Nd7 25. h5 Nxe5 26. dxe5 gxh5 27. gxh5 Rfg7 28.
Rxg7 Rxg7 29. Bf3 d4+ 30. Kf2 Rf7 31. Bxc6 bxc6 32. Kf3 dxc3 33. Ra3 Rb7 34.
Ke4 Rb3 35. Ra1 Rb2 36. Rc1 Kd7 37. Kd4 Ra2 38. Kxc3 Ra3+ 39. Kd4 Rxa4 40. c3
Ra2 41. Rg1 Rd2+ 42. Kxc4 a4 43. Rg7+ Kc8 44. Kc5 Kb8 45. Kxc6 Rd5 46. f5 a3
47. f6 Rd8 48. f7 Rc8+ 49. Kd6 a2 50. Rg1 1-0